Statistics for Baldur’s Gate 3 - Act 2

Click here to take the quiz!

General Stats

  • This quiz has been taken 68 times
  • The average score is 20 of 25

Answer Stats

HintAnswer% Correct
One of three masterminds of the Absolutist cult; follower of Bane, God of TyrannyEnver Gortash
98%
Resurrected, invincible general that serves as the leader of the cult in the areaKetheric Thorm
96%
One of three masterminds of the Absolutist cult; follower of Bhaal, God of MurderOrin the Red
96%
Wyll’s patron devil, captured by mind flayersMizora
95%
Leader of said groupJaheira
93%
Tiefling child targeted by Raphael and potentially kidnapped by cultistsMol
91%
Militia group opposing the Absolutist cultHarpers
89%
Selûnite cleric holding back the shadow curseIsobel
88%
Type of damage the shadows are weak toRadiant
88%
Type of weapon provided to sacrifice the aboveSpear
88%
Necromancer sent there to retrieve a precious artifact important to the Absolute’s causeBalthazar
84%
Tiefling blacksmith who can work with infernal metalsDammon
84%
God of Bones worshipped by the above, one of the Dead ThreeMyrkul
84%
Their base of operations in the Shadow-cursed LandsLast Light Inn
82%
Fey creature imprisoned in moonlanterns, providing protection from the shadowsPixie
81%
Animal found en-masse in the fortressRat
81%
Real name of that artifact, also known as the Nightsong and the source to the general’s invulnerabilityDame Aylin
79%
Flaming Fist soldier who betrays his comrades for the AbsoluteMarcus
75%
Nature spirit in the form of a little boy; a close friend to HalsinThaniel
74%
Type of spider-like drow monster that Kar’niss, owner of a moonlantern, is an example ofDrider
68%
Violent devil trapped in the fortress by RaphaelYurgir
65%
Dark alter-ego of the above, corrupted by the shadow curseOliver
63%
Cat-like monster kept as a pet by the aboveDisplacer Beast
61%
Underground fortress used as a proving ground for the followers of the Goddess of LossGauntlet of Shar
60%
Ruined town central to the Shadow-cursed LandsReithwin
40%

Score Distribution

Percentile by Number Answered

Percent of People with Each Score

Your Score History

You have not taken this quiz